000 00587nam a22001937a 4500
003 DO-SdBNP
005 20170714152216.0
008 170714b19uu xx |00| 0 spa d
040 _aBPMSU
_bspa
_cBPMSU
100 _aGil, Carmen
245 _aUn día en la playa con Peca y Lino /
_cCarmen Gil ; ilustración Ana Guillén
260 _a[s.n.] :
_bEditorial SM,
_c2005
300 _a[10] p. :
_bil. ;
_c20 cm.
490 _aEdución infantil
_v
700 _aGuillén, Ana
_eilustración
830 _aEdución infantil
942 _2ddc
_cBK
956 _aVMATEO
_b10
_c20170724
_dBPMSU
_f0069
999 _c12593
_d12593